00506nam a2200205Ia 4500003000400000005001700004008004100021020001800062040000700080041000800087082001700095100002000112245005300132260002800185300001800213365001300231600001800244650001300262650002500275OSt20260227102053.0210719s2017 xx 000 0 und d a9781138896314 cAL aeng a338.709 AMAB aAmatori, Franco aBusiness historyb: complexities and comparisons aLondonbRoutledgec2017 aviii,262pbPB b1195cRs 2Colli, Andrea aBusiness aProduction Economics